Musicals by Narrator Quiz Stats

Quiz Updated Feb 9, 2015

Also try: Musical by Lyrics
Challenge
Share
Tweet
Embed
Score 0/18 Timer 07:00
0 Plays Today
Narrator Musical % Correct
Mrs. DarlingPeter Pan
88.2%
The Cat in the HatSeussical
67.8%
NarratorInto the Woods
66.3%
EmceeCabaret
63.6%
Tommy DeVitoJersey Boys
48%
NarratorBeauty and the Beast
44.2%
PseudolusA Funny Thing Happened on the Way to the Forum
42.7%
Officer LockstockUrinetown
30.5%
Leading PlayerPippin
30.4%
Narrator Musical % Correct
NarratorJoseph and the Amazing Technicolor Dreamcoat
29%
NarratorLittle Shop of Horrors
22.4%
Man in ChairDrowsy Chaperone
20.6%
MinstrelOnce Upon a Mattress
18.6%
The BalladeerAssassins
17%
GeorgesLa Cage aux Folles
15.3%
Benjy StoneMy Favorite Year
11.6%
ReciterPacific Overtures
8.7%
Chimney ManJelly's Last Jam
2.3%

You're not logged in!

Compare scores with friends on all Sporcle quizzes.
Join for Free
OR
Log In

You Might Also Like...

Show Comments

Extras

Top Quizzes Today


Score Distribution

Your Account Isn't Verified!

In order to create a playlist on Sporcle, you need to verify the email address you used during registration. Go to your Sporcle Settings to finish the process.

Report this User

Report this user for behavior that violates our Community Guidelines.

Details: